| 000 | 00552nam a2200205Ia 4500 | ||
|---|---|---|---|
| 003 | OSt | ||
| 005 | 20240920141129.0 | ||
| 008 | 210210b1986 xxu||||| |||| 00| 0 eng d | ||
| 040 | _cALKannada | ||
| 041 | _aKannada | ||
| 082 | _aK894.3 BHAS | ||
| 100 |
_aBHAIRAPPA (S L). _9133235 _dಭೈರಪ್ಪ (ಎಸ್ ಎಲ್). |
||
| 245 |
_aSakshi. _b ಸಾಕ್ಷಿ |
||
| 260 |
_aBengaluru _bSahitya Bhandara _c1986 |
||
| 300 | _aiv,414 | ||
| 650 |
_aBHYRAPPA _9133236 |
||
| 690 |
_aKannada Fiction _9133237 |
||
| 906 | _a038734 | ||
| 942 |
_2ddc _cBK |
||
| 999 |
_c88695 _d88695 |
||